Bridgerton - Chansons revisitées pour la série - Statistiques

Statistiques générales
  • Ce quiz a été pris 176 fois
    41 depuis la dernière actualisation
  • Le résultat moyen est 11 sur 47
Statistiques - réponses
Hint Réponse % Correct
Saison 1 Ép. 6 Wildest Dreams de Taylor Swift
55%
Saison 1 Ép. 3 bad guy de Billie Eillish
52%
Saison 4 Ép. 5 360 de Charli xcx
48%
Saison 4 Ép. 8 The Night We Met de Lord Huron
45%
Saison 2 Ép. 8 Wrecking Ball de Miley Cirus
42%
Saison 4 Ép. 5 Lose Control de Teddy Swims
39%
Saison 4 Ép. 5 Birds of a Feather de Billie Eilish
35%
Saison 4 Ép. 2 Enchanted de Taylor Swift
35%
Saison 3 Ép. 5 pov d'Ariana Grande
35%
Reine Charlotte Ép. 1 Halo de Beyoncé
32%
Saison 3 Ép. 7 Yellow de Coldplay
32%
Saison 3 Ép. 7 You Belong With Me de Taylor Swift
32%
Saison 3 Ép. 2 Dynamite de BTS
29%
Saison 3 Ép. 4 Give Me Everything de Pitbull
29%
Saison 1 Ép; 1 thank u, next d'Ariana Grande
29%
Saison 2 Ép. 8 What About Us de Pink!
29%
Saison 2 Ép. 1 Diamonds de Rihanna
26%
Saison 2 Ép. 1 Material Girl de Madonna
26%
Saison 3 Ép. 1 abcdefu de Gayle
23%
Saison 3 Ép. 3 Cheap Thrill de Sia
23%
Saison 3 Ép. 6 Confident de Demi Lovato
23%
Saison 4 Ép. 1 DJ Got Us Fallin' In Love de Usher
23%
Saison 1 Ép. 8 Girl Like You de Maroon 5
23%
Reine Charlotte Ép. 3 If I Ain't Got You d'Alicia Keys
23%
Reine Charlotte Ép. 6 I Will Always Love You de Whitney Houston
23%
Saison 3 Ép. 8 Lights d'Ellie Goulding
23%
Reine Charlotte Ép. 5 Run the World de Beyoncé
23%
Saison 3 Ép. 6 Thunder d'Imagine Dragon
23%
Saison 4 Ép. 3 All I Wanted de Paramore
19%
Saison 4 Ép. 4 bad idea right? d’Olivia Rodrigo
19%
Saison 3 Ép. 3 Happier Than Ever de Billie Eillish
19%
Saison 1 Ép. 8 In My Blood de Shawn Mendes
19%
Saison 4 Ép. 7 Never Be The Same de Camila Cabello
19%
Saison 3 Ép. 4 Snow On The Beach de Taylor Swift et Lana Del Rey
19%
Saison 2 Ép. 4 Dancing On My Own de Robyn
16%
Reine Charlotte Ép. 4 Deja Vu de Beyoncé
16%
Saison 2 Ép. 1 Stay Away de Nirvana
16%
Saison 4 Ép. 7 Fields of Gold de Sting
13%
Saison 2 Ép. 7 How Deep Is Your Love de Calvin Harris et Disciples
13%
Saison 3 Ép. 2 Jealous de Joe Jonas
13%
Reine Charlotte Ép. 6 Nobody Gets Me de SZA
13%
Saison 1 Ép. 5 Strange de Celeste
13%
Saison Ép. 1 Life in Technicolor de Coldplay
10%
Saison Ép. 1 Never Let You Go de Third Eye Blind
10%
Saison 4 Ép. 6 Just What I Needed de The Cars
6%
Saison 2 Ép. 6 Sigh Of The Times de Harry Styles
6%
Saison 2 Ép. 4 & 5 You Oughta Know d'Alanis Morissette
3%
Aucun quiz correspondant
Distribution des résultats
% des personnes avec chaque résultat
Percentile par nombre de réponses
Votre historique - résultats
Vous n’avez pas pris ce quiz depuis la dernière actualisation